Cartas y escritos de San Francisco Javier
Αποθηκεύτηκε σε:
| Κύριος συγγραφέας: | |
|---|---|
| Μορφή: | Βιβλίο |
| Γλώσσα: | Ισπανικά |
| Έκδοση: |
Madrid
Biblioteca de Autores Cristianos
1953
|
| Θέματα: | |
| Ετικέτες: |
Προσθήκη ετικέτας
Δεν υπάρχουν, Καταχωρήστε ετικέτα πρώτοι!
|
MARC
| LEADER | 00000nam a2200000 a 4500 | ||
|---|---|---|---|
| 001 | UCL5297 | ||
| 003 | CL-VaPUC | ||
| 008 | 040312e19530000SP |||||||||||||||||spa|d | ||
| 082 | 0 | 4 | |a 261.58 |b ZUB |2 21 |
| 100 | 0 | |a Zubillaga, Félix |e author |9 483013 | |
| 245 | 1 | 0 | |a Cartas y escritos de San Francisco Javier |
| 300 | |a 578 p | ||
| 942 | |c BK | ||
| 945 | |d 20040312 00:00:00 |a rbrito | ||
| 260 | |a Madrid |b Biblioteca de Autores Cristianos |c 1953 | ||
| 600 | 0 | 7 | |a SAN FRANCISCO JAVIER |2 CL-VaPUC |9 483014 |
| 650 | 0 | |a Literatura religiosa |9 266283 | |
| 650 | 7 | |a CORRESPONDENCIAS |2 CL-VaPUC |9 256500 | |
| 583 | |a last modification |c 20040312 00:00:00 |k Rodrigo Vera | ||
| 999 | |c 307908 |d 307906 | ||
| 952 | |0 0 |1 0 |4 0 |6 261_580000000000000_ZUB_1953 |7 0 |8 A |9 374078 |a BIBTEO |b BIBTEO |d 2019-11-21 |i 208824K |o 261.58 ZUB 1953 |p 208824K |r 2025-01-17 |w 2019-11-21 |y BK |k ICR | ||